000 00501nam a2200205Ia 4500
003 GCL
008 140319s9999 xx 000 0 eng d
040 _aGCL /
_cGCL
082 0 4 _a759.0663
_bM S
100 1 _aCHAPUIS, CATHERINE
245 1 0 _aSURREALISME /
_cCHAPUIS, CATHERINE
700 1 _aMONSEL, PHILIPPE
700 1 _aPOIGNET, SYLVIE
260 _a[S.N] :
_bCERCLE D' ART ،
_c1996
300 _a63 P
650 0 4 _aARTS
650 0 4 _aPAINTING
650 0 4 _aSURRIALISM
942 _2ddc
_cBK
999 _c14694
_d14694